| 000 | 00336nam a2200109Ia 4500 | ||
|---|---|---|---|
| 008 | 130320s9999 xx 000 0 und d | ||
| 100 | _aDivya M.S | ||
| 245 | _aNeural network based detection of visually attentive features in videos | ||
| 502 |
_bMS IT _c2010-2012 _dINT _eAlex P James |
||
| 650 | _aVIDEO | ||
| 650 | _aNEURAL NETWORK DETECTION | ||
| 999 |
_c2886 _d2886 |
||